000 005160000a22001810004500
003 LK-CoMWRAF
005 20240605150335.0
008 230817t2006 ||||| |||| 00| 0 eng d
040 _aLK-CoMWRAF
_dLK-CoMWRAF
_eLK-CoMWRAF
041 _aeng
082 _a340
_bNEE
245 _aநீதி முரசு=Neethi Murasu 2005
260 _aColombo:
_bLaw students Tamil mantram, Sri Lanka Law College,
_c2006
300 _a249 p.
650 _aLAW- Sri Lanka
700 _aSivanandan, Jeyadevy
_eed.
942 _cBK
999 _c2411
_d2411